Größte Gemeinden Österreichs mit "T" - Statistiken

Allgemein
  • Dieses Quiz wurde 69 mal gespielt
  • Das Durchschnittsergebnis liegt bei 7 aus 10
Antwortstatistiken
Einwohner Bezirk Bundesland Gemeinde % Korrekt
16.144 Tulln Niederösterreich Tulln an der Donau
96%
5.730 Tamsweg Salzburg Tamsweg
91%
15.920 Innsbruck-Land Tirol Telfs
89%
24.650 Linz-Land Oberösterreich Traun
89%
14.606 Neunkirchen Niederösterreich Ternitz
80%
18.937 Baden Niederösterreich Traiskirchen
80%
11.131 Leoben Steiermark Trofaiach
62%
6.204 St. Pölten-Land Niederösterreich Traismauer
49%
5.672 Vöcklabruck Niederösterreich Timelkam
42%
5.938 Salzburg-Umgebung Salzburg Thalgau
38%
Keine übereinstimmenden Quizze gefunden
Verteilung der Resultate
Anzahl Personen mit jedem Resultat
Perzentil nach korrekt beantworteten Fragen
Ihre Resultats-Entwicklung
Sie haben dieses Quiz noch nicht gespielt